Geography of India (Record no. 1221870)

MARC details
000 -LEADER
fixed length control field 00422nam a2200169Ia 4500
008 - FIXED-LENGTH DATA ELEMENTS--GENERAL INFORMATION
fixed length control field 260520s2012 xx 000 0 und d
020 ## - INTERNATIONAL STANDARD BOOK NUMBER
International Standard Book Number 978-93-560-6237-5
041 ## - LANGUAGE CODE
Language code of text/sound track or separate title eng
082 ## - DEWEY DECIMAL CLASSIFICATION NUMBER
Classification number 915.4/SAR
100 ## - MAIN ENTRY--PERSONAL NAME
Personal name Saroha, Jitender
245 ## - TITLE STATEMENT
Title Geography of India
250 ## - EDITION STATEMENT
Edition statement 3rd ed
260 ## - PUBLICATION, DISTRIBUTION, ETC.
Place of publication, distribution, etc. Nioda
Name of publisher, distributor, etc. Pearson India Edu. S. Pvt. Ltd.
Date of publication, distribution, etc. 2012
300 ## - PHYSICAL DESCRIPTION
Extent 768p.
500 ## - GENERAL NOTE
General note Cat No: 15063
650 ## - SUBJECT ADDED ENTRY--TOPICAL TERM
Topical term or geographic name entry element GEOGRAPHY
Holdings
Withdrawn status Lost status Damaged status Not for loan Collection Home library Current library Shelving location Date acquired Source of acquisition Cost, normal purchase price Total Checkouts Full call number Barcode Date last seen Price effective from Koha item type Public note
          Dr.Patangrao Kadam Mahavidyalaya, Sangli Dr.Patangrao Kadam Mahavidyalaya, Sangli   08/04/2026 Bharati Madhyavarti Sahakari Grahak Bhandar, Pune (Best Book Supplier, Kolhapur) 695.00   915.4/SAR PKS-25242 20/05/2026 20/05/2026 Book General book section